Bobbejaanland Alle Attracties - Statistieken

Algemene statistieken
  • Deze quiz is 52 keer genomen
    51 sinds de laatste reset
  • De gemiddelde score is 24 van 39
Antwoordstatistieken
Hint Antwoord % Correct
Land Of Legends Fury
95%
Land Of Legends Typhoon
95%
Desperado City Dreamcatcher
90%
Kinderland Oki Doki
85%
Adventure Valley Revolution
85%
Land Of Legends Sledge Hammer
85%
Kinderland Dubbeldek Carrousel
80%
Desperado City Speedy Bob
80%
Mystery Bay Bob Express
75%
Desperado City El Rio
75%
Adventure Valley King Kong
75%
Adventure Valley Naga Bay
75%
Kinderland Old Carrousel
75%
Adventure Valley Reuzenrad
75%
Mystery Bay Terra Magma
75%
Adventure Valley Banana Battle
65%
Desperado City Aztek Express
60%
Wondergarden Flying Orca
60%
Desperado City Glijbaan
60%
Kinderland Glijbaan Kinderland
60%
Kinderland Mini Rad
60%
Wondergarden Monorail
60%
Mystery Bay The El Paso Special
60%
Land Of Legends Bootvaart
55%
Kinderland Balloon Race
50%
Desperado City Big Bang
50%
Desperado City Horse Pedalo
50%
Wondergarden Kettingmolen
50%
Wondergarden Locomotion
50%
Adventure Valley The Forbidden Caves
50%
Mystery Bay Wild Water Slide
50%
Wondergarden Convoy Trucks
45%
Desperado City Pony Ride
45%
Wondergarden Rode Baron
45%
Kinderland Mini Trein
40%
Kinderland Orbiter
40%
Wondergarden Wondergarden
40%
Desperado City Cowboy Playground
35%
Land Of Legends Naiads Waters
35%
Geen overeenkomende quizzen gevonden
Scoreverdeling
Procent van Mensen met Elke Score
Percentiel versus Aantal Correcte Antwoorden
Uw Scoregeschiedenis
U heeft deze quiz nog niet genomen sinds de laatste reset